000 00376nam a22001457a 4500
999 _c197282
_d197282
008 230821b ||||| |||| 00| 0 eng d
082 _aS-MUD
100 _aMudugal, Chitra
245 _aHyena and Other Short Stories
_hEnglish
260 _aDelhi
_bA.I.C.B.
_cRohini
270 _aA.I.C.B. Rohini, Delhi
300 _a12x13
490 _v1-2
942 _2ddc
_cBRLEN
_kS
_mMUD